| 000 | 00418nab a2200133Ia 4500 | ||
|---|---|---|---|
| 003 | ES-SlBCS | ||
| 005 | 20210601131727.0 | ||
| 008 | 140529s1952 xxu||||| |||| 00| 0 fre d | ||
| 041 | _afre | ||
| 100 | 1 |
_aDesfaudés, Georges _9188343 |
|
| 245 | 0 | 0 |
_aY a-t-il une manière chrétienne de conduire une locomotive? _c Georges Desfaudés |
| 773 | 0 |
_tVie Intelectuelle (La) _gnº. 2, 1952, págs. 99-102 _wRev907 |
|
| 942 | _cAR | ||
| 999 |
_c567731 _d567731 |
||